000 00881nam a2200265 a 4500
001
003 DO-SdBNP
005 20211125102804.0
008 091016t2006 dr 000 j spa d
020 _a9945427113
040 _aDO-SdBNP
_bspa
_cBPMSU
082 _aRD863.44
_bZ39t 2006
_222
100 1 _aZayas, Noé,
_d1969-
245 1 0 _aTrapecio /
_cNoé Zayas ; edición Armando Alexis Santana Chalas.
260 _aSanto Domingo :
_bSecretaría de Estado de Cultura,
_c2006.
_b
300 _a63 p. :
_bil. ;
_c23 cm.
500 _aIncluye datos biográficos del autor en la solapa de la cubierta.
586 _aPremio nacional de cuentos "José Ramón López", 2006.
590 _aInventariado, 2019/VM
650 4 _aCuentos dominicanos
650 0 _aLiteratura dominicana.
700 1 _aSantana Chalas, Armando Alexis,
_eed.
910 _aVMateo V.
942 _2ddc
_cBK
999 _c13902
_d13902